| 000 | 01217cam a2200325 a 4500 | ||
|---|---|---|---|
| 001 | 15740254 | ||
| 003 | OSt | ||
| 005 | 20170105102907.0 | ||
| 008 | 090515s2009 ctuabf b 001 0 eng | ||
| 010 | _a 2009020428 | ||
| 015 |
_aGBA961640 _2bnb |
||
| 016 | 7 |
_a015296566 _2Uk |
|
| 020 | _a9780300154757 (ci : alk. paper) | ||
| 035 | _a(OCoLC)ocn317471853 | ||
| 040 |
_aDLC _cDLC _dBTCTA _dUKM _dC#P _dCDX _dOKU _dDLC |
||
| 043 | _aa-pk--- | ||
| 050 | 0 | 0 |
_aDS382 _b.J66 2009 |
| 082 | 0 | 0 |
_a954.9105 _222 _bBEN 2009 |
| 100 | 1 | _aBennett Jones, Owen. | |
| 245 | 1 | 0 |
_aPakistan : _beye of the storm / _cOwen Bennett Jones. |
| 250 | _a3rd ed. | ||
| 260 |
_aNew Haven : _bYale University Press, _c2009. |
||
| 300 |
_axxxi, 372 p., [16] p. of plates : _bill., maps ; _c20 cm. |
||
| 504 | _aIncludes bibliographical references and index. | ||
| 505 | 0 | _aThe insurgency -- Nationalism -- Kashmir -- Bangladesh -- The bomb -- Democracy -- The army -- The Musharraf years. | |
| 651 | 0 |
_aPakistan _xHistory. |
|
| 906 |
_a7 _bcbc _corignew _d1 _eecip _f20 _gy-gencatlg |
||
| 942 |
_2ddc _cBK |
||
| 999 |
_c14954 _d14954 |
||